| 000 | 00902nam a2200253Ia 4500 | ||
|---|---|---|---|
| 003 | OSt | ||
| 005 | 20220923224518.0 | ||
| 006 | a|||||r|||| 00| 0 | ||
| 007 | ta | ||
| 008 | 220922b |||||||| |||| 00| 0 hin d | ||
| 024 | _a238,035 | ||
| 037 | _cTextual | ||
| 040 |
_aARTS _cARTS _bhin |
||
| 041 |
_2hin _ahin |
||
| 082 | _aO41,3M81x, 152N2 | ||
| 100 |
_aलू'शुन; चौहान, कर्ण सिंह, अनु. _9168063 |
||
| 245 | 0 | _aलू'शुन की रचनाएॅं | |
| 246 | _aLū'shun kī rachanāeॅan | ||
| 260 |
_aनई दिल्ली _b साहित्य अकादेमी _c1992 |
||
| 300 |
_a323पृ. _ccm. |
||
| 650 |
_aहिन्दी साहित्य _9156264 |
||
| 942 |
_hO41,3M81x, 152N2 _cTEXL _2CC |
||
| 999 |
_c371924 _d371924 |
||